00625nam a22002057a 4500008004100000040001800041041000800059100001700067245007700084250001100161260005500172300001800227650001700245650002300262650002400285650002600309651001100335651001800346651005500364130821s1925 fr gr fre  aCo-BoUCMbspa00afre aAllard, Paul03aL'echristianisme et L'Empire Romain de Néron a ThéodosecPaul Allard a9a. ed aParís (Francia)bLibrairie Victor Lecoffrec1925 a333 páginas04aCristianismo04aCristianismozRoma04aEmperadores romanos04aImperioy30 a. C.-476 aItalia aRoma (Italia) aRoma (Italia)zItaliayImperio, 30 a. C.-476 d. C.